000 00518nam a22001337a 4500
999 _c531486
_d531486
008 250908b ||||| |||| 00| 0 eng d
100 _aVerma, Jyoti S.
_956658
245 _a Gramoday 2.0: From skills of self-reliance
260 _aKurukshetra
300 _a73(11), Sep, 2025: p.17-23
520 _aA transformative framework for empowering rural communities through suitability, skills, and grassroots participation, Gramoday is entering a new phase, moving beyond
773 _aKurukshetra
942 _cAR